[Event "Berkeley Int Open"]
[Site "Berkeley USA"]
[Date "2011.01.07"]
[Round "9"]
[White "Ginsburg,M"]
[Black "Evans,Be"]
[Result "0-1"]
[WhiteElo "2393"]
[BlackElo "2262"]

1.Nf3 d5 2.c4 e6 3.g3 dxc4 4.Qa4+ Nd7 5.Bg2 a6 6.Qxc4 c5 7.O-O Ngf6 8.b3 b5
9.Qc2 Bb7 10.Bb2 Rc8 11.d3 Be7 12.Nbd2 O-O 13.Rac1 Qb6 14.Qb1 Rfd8 15.Rc2 Qa7
16.Rfc1 Qa8 17.a3 h6 18.Qa1 Bd5 19.Bc3 Rb8 20.Ba5 Rdc8 21.e4 Bb7 22.h3 Qa7
23.b4 Re8 24.bxc5 Bxc5 25.Nb3 Be7 26.Nfd4 Qa8 27.Nc6 Bxc6 28.Rxc6 Rbc8 29.Rxc8 Rxc8
30.Bb4 Bd8 31.d4 Nb6 32.d5 exd5 33.e5 Ne4 34.Nd4 Nc4 35.Nf5 Qa7 36.Bxe4 dxe4
37.Qb1 Qb7 38.Rxc4 Rxc4 39.Nd6 Qd5 40.Nxc4 Qxc4 41.Qd1 Bb6 42.Qd6 Qe6 43.Qb8+ Kh7
44.Bd6 Bd4 45.Qb7 Qf5  0-1

[Event "1st HDBank Cup"]
[Site "Ho Chi Minh City VIE"]
[Date "2011.01.07"]
[Round "7.23"]
[White "Nguyen Thi Thanh An"]
[Black "Le Thanh Tai"]
[Result "1-0"]
[WhiteElo "2310"]
[BlackElo "1825"]

1.Nf3 d5 2.c4 e6 3.d4 Nf6 4.Bg5 Be7 5.e3 O-O 6.Nc3 h6 7.Bh4 b6 8.cxd5 Nxd5
9.Bg3 Bb7 10.Rc1 c5 11.Nxd5 Bxd5 12.a3 Nd7 13.Bd3 cxd4 14.Bc7 Qe8 15.exd4 Nf6
16.O-O Bxf3 17.Qxf3 Nd5 18.Qe4 g6 19.Be5 Rc8 20.Qg4 Kh7 21.Bc4 Qd7 22.Qe2 Bd6
23.h4 h5 24.Rfd1 Be7 25.g3 f6 26.Bb5 Qd8 27.Bd3 Kg7 28.Qe4 Rh8 29.Qxg6+ Kf8
30.Ba6 Ra8 31.Bb7 fxe5 32.Bxa8 Qxa8 33.Qxe6  1-0

[Event "XX Keres Mem Rapid Prelim"]
[Site "Tallinn EST"]
[Date "2011.01.07"]
[Round "1"]
[White "Burmakin,V"]
[Black "Teemae,L"]
[Result "1-0"]
[WhiteElo "2603"]
[BlackElo "2108"]

1.Nf3 d5 2.c4 d4 3.d3 c5 4.b4 cxb4 5.a3 bxa3 6.Bxa3 Nc6 7.g3 e5 8.Bxf8 Kxf8
9.Bg2 Nge7 10.O-O h5 11.h4 Bg4 12.Qb3 Qd7 13.Nbd2 Rb8 14.Ne4 b6 15.Qa3 Rh6
16.Rfb1 Kg8 17.Rb5 Bxf3 18.Bxf3 f5 19.Ng5 Nc8 20.c5 N6e7 21.Qb3+  1-0

[Event "9th Parsvnath Open"]
[Site "New Delhi IND"]
[Date "2011.01.08"]
[Round "1.45"]
[White "Gagare,Shar"]
[Black "S B V Nair"]
[Result "1-0"]
[WhiteElo "2225"]
[BlackElo "1665"]

1.Nf3 d5 2.c4 e6 3.g3 Nf6 4.d4 Bd6 5.Bg2 c6 6.O-O O-O 7.Nc3 Nbd7 8.Nd2 a6
9.e4 dxe4 10.Ndxe4 Nxe4 11.Nxe4 Be7 12.Be3 Nf6 13.Qe2 Bd7 14.Rad1 Rc8 15.Rd3 Qa5
16.b3 Rfd8 17.Rfd1 Be8 18.h4 Rd7 19.Bf4 Nxe4 20.Bxe4 Bf6 21.c5 Qd8 22.Qg4 g6
23.Bg5 Be7 24.Qf4 f6 25.Bh6 Bf7 26.R3d2 Qa5 27.h5 Rcd8 28.hxg6 hxg6 29.Kg2 Qc7
30.Qh4 f5 31.Qh3 Bf6 32.Bf4 Qc8 33.Rh1 Rxd4 34.Qh7+ Kf8 35.Rxd4 Rxd4 36.Bf3 e5
37.Be3 Rd8 38.Qh6+ Ke7 39.Bg5 Qe6 40.Re1 e4 41.Be2 Bxg5 42.Qxg5+ Qf6 43.Qf4 Kf8
44.Rh1 g5 45.Qc7 f4 46.Rh8+ Qxh8 47.Qxd8+ Be8 48.gxf4 gxf4 49.Qd6+ Kg8 50.Bc4+ Kh7
51.Qxf4 Qg7+ 52.Qg3 Bg6 53.Qh4+ Qh6 54.Kg3 Qxh4+ 55.Kxh4 Kh6 56.Kg4 a5 57.Kf4 Kh5  1-0

[Event "Balogh-Rapport Match"]
[Site "Szombathely CZE"]
[Date "2011.01.08"]
[Round "5"]
[White "Rapport,R"]
[Black "Balogh,C"]
[Result "1-0"]
[WhiteElo "2531"]
[BlackElo "2604"]

1.Nf3 d5 2.c4 c6 3.e3 Nf6 4.Nc3 g6 5.d4 Bg7 6.Be2 O-O 7.O-O Bg4 8.cxd5 cxd5
9.Qb3 b6 10.h3 Bc8 11.Ne5 Bb7 12.Bd2 e6 13.a4 Nc6 14.Nxc6 Bxc6 15.Rfc1 Qd7
16.Rc2 Rfc8 17.Ba6 Bb7 18.Bb5 Qd8 19.Rac1 Bf8 20.Be1 Bd6 21.Bd3 Rc7 22.Nb5 Rxc2
23.Rxc2 Bb8 24.a5 bxa5 25.Qa3 Ne8 26.Bxa5 Qd7 27.Qc5 Ba6 28.Rc3 Nd6 29.Nc7 Bxc7
30.Bxc7 Bxd3 31.Bxd6 Bc4 32.Be5 Rc8 33.Qa3 f5 34.b3 Ba6 35.Rc5 Rxc5 36.dxc5 Bb5
37.Qb4 Kf7 38.Qh4 Ke8 39.Qf6 Qe7 40.Qh8+ Kd7 41.Bd6 Qd8 42.Qxh7+ Kc6 43.Qxg6  1-0

[Event "Australian Open"]
[Site "Cammeray AUS"]
[Date "2011.01.09"]
[Round "7.22"]
[White "Van der Wal,F"]
[Black "Dunn,M"]
[Result "0-1"]
[WhiteElo "1906"]
[BlackElo "1909"]

1.Nf3 d5 2.c4 d4 3.g3 Nc6 4.Bg2 e5 5.O-O Nf6 6.b4 e4 7.Ng5 Bxb4 8.Nxe4 Nxe4
9.Bxe4 O-O 10.Qb3 a5 11.Bb2 Bh3 12.Rd1 Re8 13.Qf3 Qd7 14.Bd5 Ne5 15.Qh5 Bg4
16.Qh4 Bxe2 17.Rc1 c6 18.Bg2 Bc5 19.Ba3 Bxa3 20.Nxa3 Ng6 21.Bh3 Qd6 22.c5 Qd5
23.Bg2 Qd7 24.Bh3 Nxh4 25.Bxd7 Nf3+ 26.Kg2 Re7 27.Bg4 Nxd2 28.Bxe2 Rxe2 29.Rc2 d3
30.Rb2 Ne4 31.Rxe2 dxe2 32.f3 Nxc5 33.Nc2 Nd3 34.Ne1 Nxe1+ 35.Rxe1 Re8 36.Kf2 b5  0-1

[Event "1st HDBank Cup"]
[Site "Ho Chi Minh City VIE"]
[Date "2011.01.09"]
[Round "9.22"]
[White "Shen Siyuan"]
[Black "Pham Chuong"]
[Result "0-1"]
[WhiteElo "2374"]
[BlackElo "2376"]

1.Nf3 d5 2.c4 e6 3.g3 Nf6 4.Bg2 Be7 5.O-O O-O 6.d4 c6 7.Qc2 b6 8.b3 Nbd7
9.Nbd2 Bb7 10.Bb2 c5 11.cxd5 Nxd5 12.Rac1 Rc8 13.Qb1 b5 14.dxc5 Nxc5 15.Ne4 Nxe4
16.Qxe4 Bf6 17.Rxc8 Qxc8 18.Ne5 Rd8 19.Bf3 Ba8 20.Rc1 Qa6 21.Qb1 b4 22.Ng4 Bxb2
23.Qxb2 Nc3 24.Rxc3 bxc3 25.Qxc3 Bxf3 26.Qxf3 Qxa2 27.Kg2 Qd2 28.h4 h6 29.Ne3 Rb8
30.Nc4 Qd5 31.e4 Qd4 32.Kh3 Rd8 33.Qf4 Qd1 34.Ne5 f6 35.Nc6 Qh1+ 36.Kg4 f5+
37.Kh5 Kh7  0-1

[Event "1st HDBank Cup"]
[Site "Ho Chi Minh City VIE"]
[Date "2011.01.09"]
[Round "9.15"]
[White "Nguyen Van Huy"]
[Black "Vo Thanh Ninh"]
[Result "1-0"]
[WhiteElo "2449"]
[BlackElo "2335"]

1.Nf3 d5 2.c4 c6 3.e3 Nf6 4.Nc3 a6 5.b3 Bg4 6.Be2 e6 7.Bb2 Nbd7 8.d3 Bb4
9.a3 Bd6 10.h3 Bxf3 11.Bxf3 O-O 12.O-O Rc8 13.d4 Re8 14.e4 dxe4 15.Nxe4 Nxe4
16.Bxe4 Qh4 17.Qg4 Qxg4 18.hxg4 Nf6 19.Bf3 h6 20.Rfe1 Be7 21.Rad1 Rcd8 22.a4 Kf8
23.Bc3 Rd7 24.Kf1 Rc8 25.Ke2 Kg8 26.Kd3 Ne8 27.Kc2 Bf6 28.Rd3 g6 29.a5 Nc7
30.Red1 Bg7 31.Bb4 Bf8 32.Bd2 g5 33.Kc3 Bg7 34.Be3 Rcd8 35.Kb4 Bf8+ 36.Ka4 Bg7
37.Be4 Bf6 38.b4 Kg7 39.f3 Kg8 40.Bf2 Be7 41.Kb3 h5 42.Rh1 Rf8 43.Rdd1 hxg4
44.fxg4 Bf6 45.Rh6 Kg7 46.Rh7+ Kg8 47.Rh3 Rfd8 48.Rhd3 Be7 49.Bg3 Bd6 50.Be1 Bf8
51.Bc3 Bg7 52.Bb2 Kf8 53.Bc3 Kg8 54.R1d2 Kf8 55.Rd1 Kg8 56.R1d2 Kf8 57.Kc2 Kg8
58.Rd1 Kf8 59.Bb2 Kg8 60.Kc3 Bf6 61.Bc1 Kg7 62.Be3 Kg8 63.Bf2 Be7 64.Rh1 Bf6
65.Rhd1 Be7 66.Bg1 Kg7 67.Bh2 Bd6 68.Be5+ Kf8 69.Rh1 Ne8 70.Rh5 Ke7 71.Rf3 Bxe5
72.dxe5 Ng7 73.Rxg5 Kf8 74.Rh3 Kg8 75.Rh7 Rd3+ 76.Bxd3 Rxd3+ 77.Kxd3 Kxh7
78.Rh5+ Nxh5 79.gxh5 Kh6 80.g4 Kg5  1-0

[Event "10th Praha Open A"]
[Site "Prague CZE"]
[Date "2011.01.09"]
[Round "3"]
[White "Milchev,N"]
[Black "Sadilek,M"]
[Result "1-0"]
[WhiteElo "2358"]
[BlackElo "2184"]

1.Nf3 d5 2.c4 dxc4 3.Qa4+ Nc6 4.Ne5 Qd6 5.Nxc6 Bd7 6.Qxc4 Bxc6 7.Nc3 e5 8.d3 Nf6
9.e4 Be7 10.Be2 O-O 11.Be3 Nd7 12.a3 a6 13.O-O Nc5 14.Rac1 Ne6 15.Nd5 Rad8
16.Bg4 Bb5 17.Qc3 c6 18.Bxe6 Qxe6 19.Nxe7+ Qxe7 20.Bc5 Qg5 21.Bxf8 Kxf8 22.Rcd1 h5
23.a4  1-0

[Event "36th Open"]
[Site "Seville ESP"]
[Date "2011.01.11"]
[Round "5"]
[White "Dizdar,G"]
[Black "Lanzani,M"]
[Result "1/2-1/2"]
[WhiteElo "2544"]
[BlackElo "2359"]

1.Nf3 d5 2.c4 d4 3.g3 Nc6 4.Bg2 e5 5.O-O a5 6.d3 Be7 7.e3 h6 8.exd4 exd4
9.Na3 Nf6 10.Nc2 O-O 11.b3 Re8 12.Bb2 Bc5 13.a3 Bf5 14.b4 axb4 15.axb4 Rxa1
16.Bxa1 Nxb4 17.Nxb4 Bxb4 18.Nxd4 Bg6 19.Qa4 Bf8 20.Bxb7 c5 21.Nf3 Qb8 22.Bxf6 Re6
23.Bd5 Rxf6 24.Re1 Qb2 25.Qa1 Qxa1 26.Rxa1 Bxd3 27.Ne5 Bf5 28.Nxf7 Be6 29.Nd8 Bxd5
30.cxd5 Bd6 31.Nb7 Be5 32.Ra8+ Kh7 33.Nxc5 Rd6 34.Ne6 Rxd5 35.Kg2 h5 36.f4 Bf6
37.Kf3 Rb5 38.Ke4 Rb4+ 39.Kf5 Rb5+ 40.Ke4 Rb4+ 41.Kd5 Rb5+ 42.Kd6 Rb2 43.h3 Rd2+
44.Kc6 Rg2 45.Ra3 Kg6 46.Nf8+ Kf5 47.Ra5+ Ke4 48.Rxh5 Rxg3 49.Ne6 g6 50.Rh6  1/2-1/2

[Event "Marienbad Open"]
[Site "Marianske Lazne CZE"]
[Date "2011.01.15"]
[Round "1"]
[White "Wiesmann,D"]
[Black "Bechynsky,J"]
[Result "1/2-1/2"]
[WhiteElo "2057"]
[BlackElo "1786"]

1.Nf3 d5 2.c4 Nf6 3.g3 g6 4.Bg2 Bg7 5.O-O O-O 6.Qc2 c6 7.d3 Re8 8.Bg5 e5
9.Nc3 h6 10.Bd2 Na6 11.Rab1 dxc4 12.dxc4 e4 13.Ne1 Bf5 14.Be3 Ng4 15.Nd1 Bd4
16.Qc1 Qb6 17.Nc2 c5 18.b4 Bxe3 19.Ndxe3 cxb4 20.Nxf5 gxf5 21.Qf4 Qc5 22.h3 Nf6
23.Ne3 Qe5 24.Qxh6 Nh7 25.Qh5 Rac8 26.Qxf5 Qxf5 27.Nxf5 Re5 28.Nd6 Rc6 29.Rfd1 f5
30.f3 Nf6 31.fxe4 Nxe4 32.Bxe4 fxe4 33.Rd4 Rec5 34.Rc1 b5 35.Nxe4 Rxc4 36.Rcd1 Rxd4
37.Rxd4 Rc1+ 38.Kf2 Rc2 39.Rd2 Rc4 40.Kf3 Nc7 41.Nd6 Rc3+ 42.e3 a5 43.h4 a4
44.Ne4 Rc1 45.g4 Rf1+ 46.Ke2 Rc1 47.g5 b3 48.axb3 axb3 49.Rb2 Rh1 50.Rxb3 Rxh4
51.Kf3 Rh3+ 52.Kg4 Rh1 53.Kf5 Kg7 54.Rd3 Rf1+ 55.Ke5 Ne8 56.Rd7+ Kg6 57.Re7 Ng7
58.Rb7 Rf5+ 59.Kd6 Ne8+  1/2-1/2

[Event "TCh-SWE Elitserien 2010-11"]
[Site "Sweden SWE"]
[Date "2011.01.15"]
[Round "6"]
[White "Marttala,T"]
[Black "Karlsson,T"]
[Result "1/2-1/2"]
[WhiteElo "2266"]
[BlackElo "2242"]

1.Nf3 d5 2.c4 e6 3.g3 Nf6 4.Bg2 Be7 5.O-O O-O 6.b3 c5 7.cxd5 exd5 8.d4 Nc6
9.Bb2 Be6 10.Nc3 h6 11.dxc5 Bxc5 12.Na4 Be7 13.Nd4 Nxd4 14.Qxd4 Qa5 15.Rfd1 Rac8
16.e3 b5 17.Nc3 Rfd8 18.Qd3 a6 19.Ne2 Bg4 20.f3 Be6 21.Nd4 Qb6 22.Rac1 Rxc1
23.Rxc1 Rc8 24.Rxc8+ Bxc8 25.Qc3 Qc5 26.Nc6 Bd7 27.Nxe7+ Qxe7 28.Kf2 Qd6
29.Bf1 Bf5 30.Be2 Ne8 31.Qd4 Qc6 32.Bc3 f6 33.Bb4 Nc7 34.g4 Bg6 35.f4 Ne6
36.Qc3 Qxc3 37.Bxc3 Nc5 38.Bd4 Nd3+ 39.Bxd3 Bxd3 40.b4  1/2-1/2

[Event "49th TCh-DEN XtraCon 2010-11"]
[Site "Denmark DEN"]
[Date "2011.01.16"]
[Round "5.6"]
[White "Akdag,D"]
[Black "Jensen,Bjark"]
[Result "0-1"]
[WhiteElo "2174"]
[BlackElo "2258"]

1.Nf3 d5 2.c4 c6 3.d4 Nf6 4.Nc3 dxc4 5.a4 Bf5 6.Ne5 Nbd7 7.Nxc4 Qc7 8.g3 e5
9.dxe5 Nxe5 10.Bf4 Nfd7 11.Bg2 f6 12.Qc1 O-O-O 13.O-O Nc5 14.Ra3 Ne6 15.Nxe5 fxe5
16.Nb5 cxb5 17.Rc3 Bc5 18.Be3 b4 19.Rxc5 Nxc5 20.Bxc5 b6 21.Qg5 Bc2 22.Bxb4 Rhe8
23.Bc3 a5 24.Qh5 Kb8 25.Rc1 Bxa4 26.Bd2 Qxc1+ 27.Bxc1 Rd1+ 28.Bf1 Rxc1 29.Kg2 Bc6+
30.e4 Bxe4+ 31.f3 Bg6 32.Qg4 Rc2+ 33.Kh3 Rf8 34.Qg5 Re8 35.Bb5 Rec8 36.Qxe5+ R8c7
37.b3 Rc5 38.Qe2 Rh5+ 39.Kg4 Rc2 40.Qf1 Rhxh2 41.Qe1 Bh5+ 42.Kf4 g5+ 43.Ke3 Rc7
44.Bd3 g4 45.Qg1 Rb2 46.fxg4 Be8 47.Bc4 Bc6 48.Kf4 Kb7 49.Qa1 Rf2+ 50.Kg5 Rd2
51.Qf1 b5 52.Qe1 Rg7+ 53.Kf6 Rgd7 54.Be6 R7d6 55.Kg7 h6 56.Bf5 b4 57.Qe7+ Rd7  0-1

[Event "TCh-SVK Extraliga 2010-11"]
[Site "Dunajska Streda CZE"]
[Date "2011.01.16"]
[Round "4.4"]
[White "Rachela,M"]
[Black "Pacher,M"]
[Result "1-0"]
[WhiteElo "2395"]
[BlackElo "2399"]

1.Nf3 d5 2.c4 e6 3.e3 Nf6 4.Nc3 c5 5.d4 Nc6 6.a3 cxd4 7.exd4 Be7 8.Bd3 dxc4
9.Bxc4 O-O 10.O-O b6 11.Qd3 Bb7 12.Be3 Rc8 13.Ba2 Qd6 14.Rad1 Rfd8 15.Ng5 Qb8
16.Qe2 Bd6 17.d5 exd5 18.Nxd5 Nxd5 19.Rxd5 Ne5 20.Rxe5 Bxe5 21.Qh5 Rc7 22.Bxf7+ Rxf7
23.Qxf7+ Kh8 24.Qh5  1-0

[Event "B1 Masters"]
[Site "Marianske Lazne CZE"]
[Date "2011.01.16"]
[Round "2"]
[White "Marholev,D"]
[Black "Zier,O"]
[Result "1/2-1/2"]
[WhiteElo "2401"]
[BlackElo "2131"]

1.Nf3 d5 2.c4 e6 3.b3 Nf6 4.Bb2 Be7 5.g3 O-O 6.Bg2 c5 7.O-O b6 8.cxd5 Nxd5
9.d4 Bb7 10.Nbd2 Bf6 11.Ne4 Nc6 12.Nxf6+ Qxf6 13.e4 Nc7 14.e5 Qe7 15.dxc5 Rad8
16.Qc1 bxc5 17.Ng5 Na6 18.h4 h6 19.Ne4 Nd4 20.Kh2 Qc7 21.f4 Nf5 22.Qc3  1/2-1/2

[Event "I Antonio Rocha Mem"]
[Site "Campinas BRA"]
[Date "2011.01.18"]
[Round "6.3"]
[White "Vescovi,G"]
[Black "Santos,Marcu"]
[Result "1/2-1/2"]
[WhiteElo "2631"]
[BlackElo "2365"]

1.Nf3 d5 2.c4 e6 3.g3 dxc4 4.Qa4+ Nd7 5.Bg2 a6 6.Qxc4 b5 7.Qc2 Bb7 8.O-O c5
9.b3 Ngf6 10.Bb2 Be7 11.d3 O-O 12.Nbd2 Qb6 13.Rad1 Rac8 14.Qb1 Rfd8 15.Rfe1 Nb8
16.Qa1 Nc6 17.Rc1 Rd7 18.a3 Rcd8 19.Rc2 Qa7 20.Rec1 Qa8 21.Ne5 Nxe5 22.Bxb7 Qxb7
23.Bxe5 Qd5 24.Bxf6 Bxf6 25.Qa2 Be7 26.Ne4 Rc7 27.b4 c4 28.Nd2 cxd3 29.Qxd5 Rxc2
30.Rxc2 Rxd5 31.Rc8+ Bf8 32.e4 Rd7 33.f4 a5 34.bxa5 Ra7 35.Nb3 Rd7 36.a6 g5
37.f5 Ra7 38.Rc6 Rd7 39.Rc8 Ra7 40.Rc6 Rd7  1/2-1/2

[Event "B1 Masters"]
[Site "Marianske Lazne CZE"]
[Date "2011.01.18"]
[Round "4"]
[White "Mickiewicz,P"]
[Black "Matras,On"]
[Result "1-0"]
[WhiteElo "2344"]
[BlackElo "2322"]

1.Nf3 d5 2.c4 c6 3.b3 Nf6 4.Bb2 Bf5 5.g3 e6 6.Bg2 Nbd7 7.d3 h6 8.O-O Be7
9.Nbd2 O-O 10.Qc2 Bh7 11.Rac1 Qc7 12.a3 Rac8 13.Qb1 Qb8 14.Qa1 Rfd8 15.b4 Ne8
16.Ne5 Nxe5 17.Bxe5 Qa8 18.Nb3 Bf6 19.f4 b6 20.cxd5 cxd5 21.Nd4 a6 22.Qb2 Qb7
23.a4 Rxc1 24.Rxc1 Rc8 25.Rc3 Be7 26.Qc1 Rxc3 27.Qxc3 f6 28.Qc6 Qxc6 29.Nxc6 Bxb4
30.Nxb4 fxe5 31.fxe5 Nc7 32.Nc6 Kf8 33.Kf2 Bg6 34.a5 bxa5 35.Nxa5 Ke7 36.Ke3 Kd7
37.Kd4 Nb5+ 38.Kc5 Kc7 39.Bh3 Bf7 40.Nc6 g5 41.e3 h5 42.Nb4 Kb7 43.d4 Nc3
44.Kd6 g4 45.Bf1 a5 46.Nc2 Kb6 47.Bd3 Ne4+ 48.Bxe4 dxe4 49.Ke7 Bg8 50.Kf6 Kb5
51.Kg7 Kc4 52.Kxg8 a4 53.Na3+  1-0

[Event "68th ch-GEO w"]
[Site "Anaklia GEO"]
[Date "2011.01.20"]
[Round "10"]
[White "Batsiashvili,N"]
[Black "Nikoladze,S"]
[Result "1/2-1/2"]
[WhiteElo "2396"]
[BlackElo "2254"]

1.Nf3 d5 2.c4 e6 3.d4 Nf6 4.g3 c6 5.Bg2 Nbd7 6.O-O dxc4 7.a4 Nd5 8.e4 Nb4
9.Na3 Be7 10.Nxc4 a5 11.b3 O-O 12.Bb2 b5 13.axb5 cxb5 14.Ne3 Bb7 15.d5 exd5
16.exd5 Bf6 17.Nd4 Qb6 18.Qd2 Ne5 19.Ndf5 Rfd8 20.Bd4 Qa6 21.Rad1 h5 22.Qe2 g6
23.Nh4 a4 24.Bc3 Nf3+ 25.Qxf3 Bxc3 26.bxa4 bxa4 27.Nc2 Rac8 28.Nxb4 Bxb4
29.Rd4 Bc3 30.Rd3 Bb2 31.Rfd1 a3 32.Bf1 Qa5 33.Qe4 Rd6 34.Qe7 Qc7 35.Qg5 a2
36.Nf5 Bf6 37.Nxd6 Qxd6 38.Qe3 Ra8 39.Rb3 Qxd5 40.Rxd5 Bxd5 41.Rd3 Be6 42.Rd1 a1=Q
43.Rxa1 Rxa1 44.Kg2 Bd5+ 45.f3 Ra2+ 46.Kg1 Kg7 47.Qd3 Bb7 48.Qd7 Ba6 49.Bxa6 Rxa6
50.f4 Ra1+ 51.Kg2 Ra2+ 52.Kh3 Rb2 53.Qd5  1/2-1/2

[Event "3rd Chennai Open"]
[Site "Chennai IND"]
[Date "2011.01.21"]
[Round "5"]
[White "Roy Chowdhury,S"]
[Black "Ravi,TeS"]
[Result "1/2-1/2"]
[WhiteElo "2449"]
[BlackElo "2150"]

1.Nf3 d5 2.c4 c6 3.b3 Nf6 4.Bb2 Bg4 5.e3 Nbd7 6.d4 e6 7.Nbd2 Ne4 8.a3 Bxf3
9.gxf3 Nxd2 10.Qxd2 Bd6 11.Be2 Qe7 12.Bc3 Nf6 13.Qb2 a6 14.Bd3 Nh5 15.Ke2 f6
16.f4 g5 17.fxg5 fxg5 18.c5 Bc7 19.Raf1 Rf8 20.Kd1 Nf6 21.f3 Nd7 22.Qc2 Rf7
23.Be1 O-O-O 24.h4 h6 25.hxg5 hxg5 26.b4 e5 27.Bc3 Rdf8 28.Qe2 exd4 29.exd4 Qf6
30.a4 Bf4 31.Qb2 Re7 32.b5 Re3 33.Qc2 axb5 34.axb5 cxb5 35.Bxb5 Bc7 36.Rh7 Nb8
37.Qd2 Rxf3 38.Rxf3 Qxf3+ 39.Be2 Qf5 40.Bd3 Qg4+ 41.Be2 Qf5  1/2-1/2

[Event "B1 Masters"]
[Site "Marianske Lazne CZE"]
[Date "2011.01.21"]
[Round "8"]
[White "Marholev,D"]
[Black "Antipov,M2"]
[Result "1/2-1/2"]
[WhiteElo "2401"]
[BlackElo "2358"]

1.Nf3 d5 2.c4 c6 3.cxd5 cxd5 4.d4 Nf6 5.Nc3 Nc6 6.Bf4 Bf5 7.e3 e6 8.Qb3 Bb4
9.Bb5 Qa5 10.O-O O-O 11.Bxc6 bxc6 12.Bc7 Qxc7 13.Qxb4 Rfb8 14.Qa3 Nd7 15.Na4 Qa5
16.b3 Rb4 17.Qc1 Rc8 18.Qd2 Bg4 19.a3 Rb5 20.Qxa5 Rxa5 21.Rfc1 Bxf3 22.gxf3 Kf8
23.Rc3 Ke7 24.Nb2 Rb5 25.Nd3 a5 26.b4 f6 27.a4 axb4 28.Rb3 Ra5 29.Rxb4 e5
30.Rb7 Kd6 31.Rab1 Rca8 32.R1b4 R8a7 33.Rxa7 Rxa7 34.Kf1 exd4 35.exd4 c5
36.dxc5+ Nxc5 37.Nb2 Kc6 38.Ke2 g6 39.Kd2 f5 40.Kc3 Re7 41.Kd2 Re8 42.h4 Re7
43.Rb8 Ra7 44.Rb4 d4 45.f4 Ra8 46.Kc2 Re8 47.Rxd4 Re2+ 48.Kc3 Rxf2 49.Nc4 Ne4+
50.Kb4 Rxf4 51.Ne5+ Kb6 52.a5+ Ka6 53.Nd3 Rg4 54.Ne5 Rxh4 55.Rc4 Kb7 56.Rc6 Nf6+
57.Kb5 Nd5 58.a6+ Ka7 59.Rd6 Nc3+ 60.Kc6 Re4 61.Nd3 Rc4+ 62.Kd7 Nb5 63.Rd5 Kxa6
64.Nc5+ Kb6 65.Ne6 f4 66.Rd3 Re4 67.Rh3 h5 68.Rh4 Nd4 69.Nxf4 g5 70.Nd5+ Kc5
71.Rxh5 Kxd5 72.Rxg5+ Kc4 73.Rh5  1/2-1/2

[Event "3rd Chennai Open"]
[Site "Chennai IND"]
[Date "2011.01.23"]
[Round "8"]
[White "Pradeep,KR"]
[Black "Navin,K"]
[Result "1-0"]
[WhiteElo "2231"]
[BlackElo "2383"]

1.Nf3 d5 2.c4 e6 3.g3 Nf6 4.Bg2 dxc4 5.O-O c6 6.a4 Na6 7.Ne5 Qd4 8.Nf3 Qc5
9.Na3 e5 10.d4 cxd3 11.exd3 Be6 12.Re1 Bd6 13.d4 exd4 14.Nxd4 O-O-O 15.Be3 Bg4
16.Qd3 Be5 17.Rac1 Rxd4 18.Rxc5 Rxd3 19.Rxe5 Kb8 20.Bf4 Nc7 21.a5 Be6 22.a6 Nfd5
23.axb7 Kxb7 24.Bc1 Nb4 25.Bf1 Rd4 26.Be3 Rd7 27.Ra1 Ncd5 28.Bc5 Na6 29.Bxa6+ Kxa6
30.Nc2+ Kb7 31.Rxe6 fxe6 32.Rxa7+  1-0

[Event "Belgrade Individual 2011"]
[Site "Belgrade SRB"]
[Date "2011.01.26"]
[Round "5.2"]
[White "Tosic,M"]
[Black "Certic,B"]
[Result "1-0"]
[WhiteElo "2395"]
[BlackElo "2399"]

1.Nf3 d5 2.c4 e6 3.g3 Nd7 4.b3 a5 5.Nc3 c6 6.Bg2 Ngf6 7.O-O Bd6 8.Qc2 O-O
9.Bb2 Qe7 10.d4 Ba3 11.Bxa3 Qxa3 12.Nd2 b6 13.e4 Ba6 14.Ncb1 Qb4 15.a3 Qe7
16.Re1 Rac8 17.Nc3 dxc4 18.e5 Ng4 19.Qd1 Nh6 20.Nxc4 Bxc4 21.bxc4 Rfd8 22.Qb3 Nf5
23.Rad1 c5 24.d5 Nd4 25.Qb1 exd5 26.Nxd5 Qe6 27.f4 Kh8 28.a4 g6 29.h3 h5
30.Kh2 Kg7 31.Qb2 Rh8 32.h4 Rcd8 33.Rxd4 cxd4 34.Bh3 Qc6 35.Qxd4 Qc5 36.Qb2 Kh6
37.Bxd7 Rxd7 38.e6 Rdd8 39.e7 Rde8 40.Re4 Qd6 41.Qe2 Kg7 42.Re5 Rh6 43.Qe3 Qc6
44.Nxb6 g5 45.hxg5 Re6 46.Nd5 Qxc4 47.Rxe6 Qxd5 48.Qe5+  1-0

[Event "Belgrade Individual 2011"]
[Site "Belgrade SRB"]
[Date "2011.01.26"]
[Round "5.19"]
[White "Nenezic,M"]
[Black "Damjanovic,D"]
[Result "1/2-1/2"]
[WhiteElo "2182"]
[BlackElo "2272"]

1.Nf3 d5 2.c4 c6 3.d4 Nf6 4.Nc3 dxc4 5.a4 Bf5 6.e3 e6 7.Bxc4 Bb4 8.O-O Nbd7
9.Qe2 Bg6 10.Bd2 a5 11.Rfd1 O-O 12.Bd3 Bh5 13.Ne4 Bxd2 14.Rxd2 Nxe4 15.Bxe4 Qe7
16.Qd1 Qb4 17.Bd3 e5 18.Bf5 Bxf3 19.gxf3 Qe7 20.Bxd7 Qxd7 21.dxe5 Qf5 22.f4 Qg6+
23.Kf1 Qh6 24.Qg4 Qxh2 25.Ke2 Rad8 26.Rxd8 Rxd8 27.Rg1 Qh6 28.f5 g6 29.fxg6 hxg6
30.e6 Qg7 31.exf7+ Kxf7 32.Qc4+ Ke7 33.Qe4+ Kf7 34.Rg4 Qxb2+ 35.Kf1 Rd6 36.Rh4 Rf6
37.Rh7+ Kg8 38.Rh2 Qc1+ 39.Kg2 Qc5 40.Qh4 Qf5 41.Qh8+ Kf7 42.Rh7+ Ke6 43.Qe8+ Kd5
44.Qd8+ Rd6 45.Qxa5+ b5 46.axb5  1/2-1/2

[Event "Oceania Zonal"]
[Site "Rotorua NZL"]
[Date "2011.01.26"]
[Round "2.20"]
[White "Forster,W"]
[Black "Safarian,Al"]
[Result "0-1"]
[WhiteElo "1908"]
[BlackElo "2013"]

1.Nf3 d5 2.c4 c6 3.g3 g6 4.Bg2 Bg7 5.O-O e5 6.d3 f5 7.e4 fxe4 8.dxe4 d4 9.b3 c5
10.Ne1 Ne7 11.Nd3 Nd7 12.a3 O-O 13.Ra2 a6 14.b4 cxb4 15.axb4 Nb6 16.Na3 Nc6
17.Bd2 Be6 18.Nc5 Bf7 19.Rc2 Qe7 20.Qb1 Rfc8 21.Nd3 a5 22.Rfc1 Bf8 23.Nb5 axb4
24.c5 b3 25.Rb2 Nc4 26.Be1 Nxb2 27.Nxb2 Qd7 28.Nc4 Bxc5 29.Qxb3 b6 30.Qf3 Rf8
31.Qe2 d3 32.Qb2 Nd4 33.Nxe5 Qxb5 34.Nxf7 Qxb2  0-1

[Event "Oceania Zonal"]
[Site "Rotorua NZL"]
[Date "2011.01.27"]
[Round "4.18"]
[White "Forster,W"]
[Black "Tan,Ju2"]
[Result "1-0"]
[WhiteElo "1908"]
[BlackElo "2161"]

1.Nf3 d5 2.c4 d4 3.b4 f6 4.d3 e5 5.a3 a5 6.b5 c6 7.g3 cxb5 8.cxb5 a4 9.Nbd2 Qa5
10.Bg2 Be6 11.O-O Qc3 12.Rb1 Bxa3 13.Ne4 Qb3 14.Rxb3 Bxb3 15.Qd2 Be7 16.Bb2 Nd7
17.Bh3 g6 18.Bxd7+ Kxd7 19.Rc1 Bd5 20.Nc5+ Ke8 21.Ba3 b6 22.Na6 Bxa3 23.Nc7+ Kd8
24.Nxd5 Bxc1 25.Qxc1 Ra7 26.Qc6 Rd7 27.Nxb6 Ra7 28.Qd6+  1-0

[Event "ch-AZE"]
[Site "Baku AZE"]
[Date "2011.01.28"]
[Round "8.2"]
[White "Abbasov,F"]
[Black "Guliev,L"]
[Result "1/2-1/2"]
[WhiteElo "2537"]
[BlackElo "2464"]

1.Nf3 d5 2.c4 e6 3.cxd5 exd5 4.d4 Bb4+ 5.Bd2 Bxd2+ 6.Nfxd2 Ne7 7.e3 O-O 8.Nc3 c6
9.Be2 Ng6 10.O-O Nd7 11.b4 a6 12.a4 f5 13.g3 Nf6 14.a5 Qe7 15.Rb1 Ne4 16.Na4 Bd7
17.Bh5 Be8 18.Be2 Rd8 19.f4 Nf6 20.Rb3 Bd7 21.Nf3 Bc8 22.Nc5 Ne4 23.Kg2 Rde8
24.Bd3 Nh8 25.Rb2 Nf7 26.Kh1 Kh8 27.Rg2 g5 28.fxg5 Nfxg5 29.Nh4 Nxc5 30.bxc5 Qxe3
31.Nxf5 Bxf5 32.Bxf5 Rf6 33.h4 Ref8 34.Re1 Qc3 35.g4 Ne4 36.Kg1 Qxa5 37.Re3 Qb4
38.Qd3 Rd8 39.Kh2 Rh6 40.h5 Rf6 41.Bxe4 dxe4 42.Rxe4 Qb5 43.Qe3 Qf1 44.h6 Rg8
45.d5 cxd5 46.Rb4 Qf3 47.Qe5 Rg6 48.g5 Qh5+  1/2-1/2

[Event "Oceania Zonal"]
[Site "Rotorua NZL"]
[Date "2011.01.28"]
[Round "6.15"]
[White "Forster,W"]
[Black "Fitzpatrick,A"]
[Result "1/2-1/2"]
[WhiteElo "1908"]
[BlackElo "2023"]

1.Nf3 d5 2.c4 e6 3.g3 Nf6 4.Bg2 Bd6 5.d4 c6 6.Nc3 Nbd7 7.O-O O-O 8.e4 Nxe4
9.Nxe4 dxe4 10.Ng5 Nf6 11.Qe2 e5 12.dxe5 Bxe5 13.Nxe4 Nxe4 14.Bxe4 Qf6 15.Rb1 Be6
16.b3 Rfd8 17.Be3 Bd4 18.Rbd1 Rd7  1/2-1/2

[Event "LCK Winter Cup 2011"]
[Site "Lviv UKR"]
[Date "2011.01.29"]
[Round "5.7"]
[White "Timushev,A"]
[Black "Bilsky,Mykola"]
[Result "1-0"]
[WhiteElo "2110"]
[BlackElo "1692"]

1.Nf3 d5 2.c4 Nf6 3.d4 e6 4.Nc3 c6 5.Qd3 Bd6 6.Bg5 Nbd7 7.e3 h6 8.Bh4 O-O
9.Be2 Qa5 10.O-O a6 11.a3 dxc4 12.Qxc4 Nd5 13.Ne4 Qc7 14.Nxd6 Qxd6 15.Bg3 Qe7
16.e4 N5f6 17.Nd2 Re8 18.f4 Nf8 19.Rae1 Qd7 20.Bf3 b5 21.Qc3 Bb7 22.Nb3 Ra7
23.Nc5 Qe7 24.b4 Rc8 25.Rd1 N6d7 26.Rd2 Nxc5 27.dxc5 Rd8 28.Rxd8 Qxd8 29.Rd1 Qe7
30.Rd6 Ra8 31.e5 Rc8 32.Be4 g6 33.Qd2 Kg7 34.Qf2 Nh7 35.Bh4 Qc7 36.Qd2 Nf8
37.Bf6+ Kg8 38.f5 Kh7 39.fxg6+ fxg6 40.h4 h5 41.Qg5  1-0

[Event "16th HIT Open"]
[Site "Nova Gorica SLO"]
[Date "2011.01.29"]
[Round "3"]
[White "Novak,Ks"]
[Black "Brank,Bine"]
[Result "1-0"]
[WhiteElo "2127"]
[BlackElo "1876"]

1.Nf3 d5 2.c4 c6 3.g3 Nf6 4.Bg2 g6 5.b3 Bg7 6.Bb2 O-O 7.O-O Na6 8.d4 Bf5
9.Nc3 Be4 10.Nxe4 Nxe4 11.Ne1 h5 12.a3 Nc7 13.Qc2 Nd6 14.Nd3 Nf5 15.e3 Ne8
16.a4 Nf6 17.Rad1 h4 18.Nf4 hxg3 19.hxg3 e6 20.Rfe1 Ng4 21.Qe2 Ngh6 22.e4 dxe4
23.Qxe4 Qb6 24.Rd3 Rad8 25.Red1 Rfe8 26.Ne2 Nd6 27.c5 Nxe4 28.cxb6 Nd6 29.bxa7 Ra8
30.Ba3 Nc8 31.Bc5 Nxa7 32.b4 Nc8 33.b5 cxb5 34.axb5 Ra2 35.Nc3 Rc2 36.Bxb7 Ne7
37.b6 Ng4 38.R1d2 Rc1+ 39.Rd1 Rc2 40.R1d2 Rc1+ 41.Kg2 Nf5 42.Bc6 Rb8 43.b7 Kh7
44.Ba7 Nxd4 45.Rxd4 Bxd4 46.Rxd4 Rxc3 47.Bxb8 Rxc6 48.Ba7  1-0

[Event "Oceania Zonal"]
[Site "Rotorua NZL"]
[Date "2011.01.29"]
[Round "7.5"]
[White "Ikeda,J"]
[Black "Schon,E"]
[Result "1-0"]
[WhiteElo "2262"]
[BlackElo "2157"]

1.Nf3 d5 2.c4 c6 3.g3 Nf6 4.Bg2 e6 5.O-O Nbd7 6.b3 Bd6 7.Bb2 O-O 8.d3 Qe7
9.Nc3 e5 10.Nh4 Nb6 11.cxd5 Nbxd5 12.e4 Nxc3 13.Bxc3 Rd8 14.Qc2 Bb4 15.Bb2 Ba3
16.Bxa3 Qxa3 17.Qc3 Qd6 18.Rad1 Qd4 19.Qxd4 Rxd4 20.Nf3 Bg4 21.Nxd4 Bxd1
22.Nxc6 Bxb3 23.Nxe5 Bxa2 24.Ra1 Be6 25.d4 a6 26.d5 Bc8 27.Nc4 Nd7 28.e5 b5
29.Nd6 Nxe5 30.Re1 Bh3 31.Rxe5 Bxg2 32.Kxg2 b4 33.Nc4 a5 34.d6 a4 35.d7 Kf8
36.Nd6  1-0